El Diálogo judicial internacional en la protección de los derechos fundamentales
Guardado en:
| Autor principal: | |
|---|---|
| Otros Autores: | |
| Formato: | Desconocido |
| Lenguaje: | inglés español |
| Publicado: |
Valencia, España
Tirant lo Blanch
2019
|
| Edición: | Primera edición |
| Materias: | |
| Etiquetas: |
Agregar Etiqueta
Sin Etiquetas, Sea el primero en etiquetar este registro!
|
MARC
| LEADER | 00000 a2200000 4500 | ||
|---|---|---|---|
| 003 | CL-VaPUC | ||
| 005 | 20250320112932.0 | ||
| 008 | 191230b ||||| |||| 00| 0 eng d | ||
| 999 | |c 375962 |d 375960 | ||
| 020 | |a 9788413131832 | ||
| 040 | |c Pontificia Universidad Católica de Valparaíso | ||
| 041 | 0 | |a spa | |
| 082 | |a 341.81 MAR 2019 | ||
| 100 | 1 | |a Martín y Pérez de Nanclares, José |9 604903 | |
| 245 | 1 | 3 | |a El Diálogo judicial internacional en la protección de los derechos fundamentales |
| 250 | |a Primera edición | ||
| 260 | |b Tirant lo Blanch |c 2019 |a Valencia, España | ||
| 300 | |a 579 p | ||
| 505 | 0 | |a LA IMPORTANCIA DEL DIÁLOGO JUDICIAL EN EL ESPACIO JURÍDICO EUROPEO PONENCIAS La noción de diálogo judicial en el espacio jurídico europeo/ Rafael Bustos Gisbert Diálogos verticales y horizontales en el Derecho Internacional Privado Europeo/ Cristina González Beilfuss La eficacia horizontal de los derechos fundamentales en la Unión Europea: el Tribunal de Justicia prefiere ir por libre/ Carmen Martínez Capdevila El diálogo judicial internacional en la interpretación evolutiva de los derechos humanos: su contribución a la definición de esclavitud y sus formas análogas/ M. Esther Salamanca Aguado (In)voluntary judicial dialogue and legitimacy borrowing/ Oleksandr Vodiannikov Sustracción internacional de menores y derecho al respeto a la vida privada y familiar: celeridad e interés superior del menor/ María Dolores Ortiz Vidal EL DIÁLOGO JUDICIAL ENTRE EL TJUE Y LOS TRIBUNALES NACIONALES PONENCIAS Preferencia aplicativa y diálogo judicial: ¿contradictio in terminis?/ Cristina Izquierdo Sans El diálogo judicial entre el TJUE y los tribunales constitucionales en materia de derechos fundamentales/ Santiago Ripol Carulla Reconocimiento mutuo de resoluciones judiciales y diálogo judicial internacional en la protección de los derechos fundamentales: cuando el Tribunal Constitucional es «Tribunal del Estado de origen»/ M.ª Victoria Cuartero Rubio Judgment no. 238/2014 of the Italian Constitutional Court and the future of the «counter-limits» doctrine/ Anna Facchinetti National identity in the light of the relationship between the Court of Justice of the European Union and constitutional courts of eu Member States: not so sincere cooperation?/ Valéria Miháliková The UK withdrawal agreement as a sui generis EU International treaty and its admissibility to the cjeu ’s opinion procedure/ Polly Ruth Polak EL DIÁLOGO JUDICIAL ENTRE EL TJUE Y EL TEDH La adhesión de la unión al Convenio Europeo de Derechos Humanos en el marco del diálogo judicial internacional/ Elisa Uría Gavilán El diálogo entre tribunales internacionales para la protección de derechos fundamentales: las situaciones jurídico-privadas transfronterizas/ Marta Requejo Isidro Réplica de mecanismos institucionales del Tribunal de Justicia de la Unión Europea en el Tribunal Europeo de Derechos Humanos ¿inspiración positiva o fuera de la realidad?/ Ana Gascón Marcén Encuentros y desencuentros entre Luxemburgo y Estrasburgo/ Daniel González Herrera ¿Una nueva guerra entre tribunales?/ Sofía Lucas Areizaga El Comité de Derechos Humanos de Naciones Unidas y el Tribunal Europeo de Derechos Humanos: un diálogo encubierto/ Elsa Fernando Gonzalo EL DIÁLOGO JUDICIAL EN EL ESPACIO JURÍDICO LATINOAMERICANO Hacia un espacio jurídico latinoamericano: el diálogo internacional judicial en la protección de los derechos humanos en América Latina/ Rene Urueña Hernández Algunas reflexiones sobre el impacto estructural de las decisiones de la Corte Interamericana de Derechos Humanos/ Pablo Saavedra Alessandri El Tribunal Europeo de Derechos Humanos y la Corte Interamericana de Derechos Humanos: un diálogo a partir del ejercicio de la función consultiva de la Corte/ Germana Aguiar Ribeiro do Nascimento y Marília Aguiar Ribeiro do Nascimento El Tribunal Europeo de Derechos Humanos, la Corte Interamericana de Derechos Humanos y la interpretación «evolutiva» de los tratados sobre derechos humanos: ¿ruptura con el derecho de tratados de la Convención de Viena?/ Elena Carolina Díaz Galán y Harold Bertot Triana Un análisis del diálogo judicial en la protección del medio ambiente desde la jurisprudencia de las Cortes Europea e Interamericana de Derechos Humanos/ María Belén Olmos Giupponi y Cristián Delpiano Lira El diálogo judicial de la Corte Interamericana de Justicia, el Tribunal Europeo de Derechos Humanos y la Suprema Corte de Justicia de la Nación Mexicana/ Carlos Enrique Odriozola Mariscal El diálogo entre los sistemas regionales de protección de derechos humanos de las comunidades indígenas: la propiedad de las tierras ancestrales/ María del Ángel Iglesias Vázquez | |
| 583 | |k Hugo Gaete |c 20191230 | ||
| 650 | 0 | 0 | |a Derechos fundamentales |9 254841 |
| 650 | 0 | 0 | |a Derecho internacional |9 255637 |
| 700 | |a González Herrera, Daniel |9 605004 | ||
| 942 | |2 ddc |c BK | ||
| 952 | |0 0 |1 0 |2 ddc |4 0 |6 341_810000000000000_MAR_2019 |7 0 |9 495153 |a BIBDER |b BIBDER |d 2019-12-26 |e 36 |g 46075.00 |i 5570611 |o 341.81 MAR 2019 |p 5570611 |r 2023-01-25 |t 1 |v 46075.00 |w 2019-12-26 |y BK |k DER | ||